À la découverte de la francophonie dans le monde avec des émissions de radio Frequence Ados et Echos Francophones
Salvato in:
| Autore principale: | |
|---|---|
| Natura: | Libro |
| Lingua: | Spanish |
| Pubblicazione: |
Heredia, Costa Rica
EUNA
2017
|
| Soggetti: | |
| Tags: |
Aggiungi Tag
Nessun Tag, puoi essere il primo ad aggiungerne!!
|
MARC
| LEADER | 00000nam a22000007a 4500 | ||
|---|---|---|---|
| 008 | 181112b xxu||||| |||| 00| 0 spa d | ||
| 040 | |a cru BVZT | ||
| 090 | |a AUDIO 415-F B-3.1d | ||
| 100 | |a Boza Araya, Virginia | ||
| 245 | |a À la découverte de la francophonie dans le monde avec des émissions de radio |c Virginia Boza Araya , Verónica Chinchilla Murillo |b Frequence Ados et Echos Francophones | ||
| 260 | |a Heredia, Costa Rica |b EUNA |c 2017 | ||
| 300 | |a 1 CD : 121 MB |e Acompañado por 1 libro | ||
| 500 | |a Grabaciones sonoras | ||
| 630 | |l Francés | ||
| 650 | 0 | |9 215 |a GRAMÁTICA FRANCESA | |
| 650 | 0 | |9 118 |a LINGÜÍSTICA APLICADA | |
| 650 | 0 | |9 216 |a ASPECTOS CULTURALES | |
| 650 | 0 | |9 217 |a RADIODIFUSIÓN | |
| 650 | 0 | |9 218 |a LIBRO DE TEXTO | |
| 650 | 0 | |9 219 |a ENSEÑANZA DE IDIOMAS | |
| 650 | 0 | |9 220 |a PEDAGOGÍAS | |
| 942 | |2 z |c VM | ||
| 999 | |c 30653 |d 30653 | ||
